000 01603cam a22002054a 4500
005 20250605164330.0
008 250528s ||||||||||||||||||||||||d
035 _a23196
020 _a9781405175937
040 _aGR-AtMCL
_bgre
_dGR-AtMCL
_eAACR2
245 1 _aPreparing for Professional Practice in Health and Social Care
260 _bWiley Blackwell,
_c2009
300 _a208
520 _aThis book is the ultimate companion for students and newly qualified practitioners in occupational therapy, physiotherapy and other allied health professions. Introduction, Interprofessional Teamwork, Management of Self and Health Service Users and Their Families, Reflection and Professional Practice, Challenges of Client - Centred Practice in Professional Practice, Empowerment in the Context of Practice: The Times They are a - Changin', Cultural Issues in Professional Practice, The Ethics of Healthcare and Multiprofessional Dilemmas, Documentation and the Use of the International Classification of Functioning and Disability and Health (ICF) in Interprofessional Working, Peparation for Professional Practice: Evidence - Based Practice, The Golden Thread of Continuing Professional Development - Continuing Professional Development and Professional Portfolios, Preparation for Health and Social Care Employment, Career Planning for Therapists, Professional and Statutory Tables - Documentation and Standards and Guidelines, Resources for Evidence - Based Practce, Index.
700 1 _aAtwal Anita
_98775
700 1 _aJones Mandy
_98776
942 _cBK
999 _c8226
_d8226